| 000 | 00769cab a2200217 4500 | ||
|---|---|---|---|
| 001 | WB3439-25 | ||
| 008 | 090401t1998 xxu||||| |||| 00| 0 eng d | ||
| 035 | _a(Sirsi) u89028 | ||
| 041 | _aeng | ||
| 245 | _aOnline information service launched this month | ||
| 260 | _c1998 | ||
| 350 | _a0 | ||
| 490 |
_aCSM _bChartered Surveyor Monthly _v8(2) October 1998, 11(1) |
||
| 520 | _aRICS Library Direct gives access to the library catalogue for all chartered surveyors with access to the Internet. It can be found at www.rics.org.uk by clicking on the `library` button. | ||
| 650 | _aLIBRARY CATALOGUE | ||
| 650 | _aRICS LIBRARY | ||
| 650 | _aWORLD WIDE WEB | ||
| 690 | _aMANAGEMENT-BUSINESS MANAGEMENT-INFORMATION MANAGEMENT | ||
| 942 | _n0 | ||
| 948 | _c15/10/1998 | ||
| 999 |
_c56305 _d56305 |
||